Online
Catalog

Programa apoyo al deporte en las escuela : (Record no. 27652)

MARC details
000 -CABECERA
campo de control de longitud fija 00713nam a2200181 a 4500
001 - NÚMERO DE CONTROL
campo de control 000028160
005 - FECHA Y HORA DE LA ÚLTIMA TRANSACCIÓN
campo de control 20200930031411.0
008 - DATOS DE LONGITUD FIJA--INFORMACIÓN GENERAL
campo de control de longitud fija 110407s1998 dr a 000 0 spa d
040 ## - FUENTE DE LA CATALOGACIÓN
Centro catalogador/agencia de origen DO-SdBNP
Lengua de catalogación spa
Centro/agencia transcriptor BNPHU
049 ## - FONDOS LOCALES (OCLC)
Fondos de biblioteca BNPD
100 1# - ENTRADA PRINCIPAL--NOMBRE DE PERSONA
Nombre de persona Pino, Francisco Alfonso
9 (RLIN) 55158
245 10 - MENCIÓN DE TÍTULO
Título Programa apoyo al deporte en las escuela :
Resto del título Fundamentos de ajedrez para profesores(as) y entrenadores (as) /
Mención de responsabilidad, etc. Francisco Alfonso Pino, Juanito Guerrero Samboy.
260 ## - PUBLICACIÓN, DISTRIBUCIÓN, ETC.
Lugar de publicación, distribución, etc. Santo Domingo :
Nombre del editor, distribuidor, etc. SEDEFIR,
Fecha de publicación, distribución, etc. 1998.
Fabricante Editora Símbolo
300 ## - DESCRIPCIÓN FÍSICA
Extensión 52 p. ;
Dimensiones 21 cm.
504 ## - NOTA DE BIBLIOGRAFÍA, ETC.
Nota de bibliografía, etc. Bibliografía : p. 52
700 1# - PUNTO DE ACCESO ADICIONAL--NOMBRE DE PERSONA
Nombre de persona Guerrero Samboy, Juanito
9 (RLIN) 55159
710 2# - PUNTO DE ACCESO ADICIONAL--NOMBRE DE ENTIDAD CORPORATIVA
Nombre de entidad corporativa o nombre de jurisdicción como elemento de entrada Secretaría de Estado de Deportes, Educación Física Recreación
9 (RLIN) 55160
Holdings
Estado de retiro Estado de pérdida No para préstamo Código de colección Localización permanente Ubicación/localización actual Ubicación en estantería Fecha de adquisición Número de inventario Total de préstamos Signatura topográfica completa Código de barras Fecha visto por última vez Precio válido a partir de Tipo de ítem Koha
    Excluido de préstamo Patrimonio Dominicano Patrimonio Dominicano Patrimonio Dominicano En catalogación 07.04.2011 LF1   28160-10 25.06.2020 25.06.2020 Libro y Folleto Colección Patrimonio Dominicano

Powered by Koha